| 000 | 00396nam a22001337a 4500 | ||
|---|---|---|---|
| 003 | SGT | ||
| 082 |
_a617.522 _bA25A |
||
| 100 | _aAngel | ||
| 245 |
_aAssessment and Success of Zygomatic implants placed in atrophied maxillary ridges _bA prospective clinical study |
||
| 260 |
_aGurugram, Haryana _bSGT University _c2025 |
||
| 300 | _a113 | ||
| 650 | _aOral & Maxillofacial Surgery | ||
| 942 |
_2ddc _cTH |
||
| 999 |
_c32108 _d32108 |
||